[Event "Bad Woerishofen op 38th"]
[Site "Bad Woerishofen"]
[Date "2023.03.06"]
[Round "4"]
[White "Wimmer, Alfred"]
[Black "De Francesco, Klaus"]
[Result "0-1"]
[WhiteElo "2019"]
[BlackElo "2220"]
[PlyCount "74"]
[EventDate "2023.03.03"]
[EventType "swiss"]
[EventRounds "9"]
[EventCountry "GER"]
[SourceTitle "CBM 213 Extra"]
[Source "ChessBase"]
[SourceDate "2023.05.31"]
[SourceVersion "1"]
[SourceVersionDate "2023.05.31"]
[SourceQuality "1"]

1. d4 d5 2. Nf3 Nf6 3. e3 c5 4. c3 Nc6 5. Nbd2 cxd4 6. exd4 Bg4 7. Bb5 a6 8. Bxc6+ bxc6 9. Qa4 Bd7 10. Ne5 e6 11. 0-0 Bd6 12. Ndf3 Qc7 13. Qc2 0-0 14. Nxd7 Qxd7 15. b3 c5 16. dxc5 Bxc5 17. c4 Rfc8 18. Qe2 dxc4 19. Ne5 Qc7 20. Nxc4 Bd4 21. Bb2 Bxb2 22. Qxb2 Rab8 23. Rac1 Qf4 24. Qe5 Rxc4 25. Qxb8+ Qxb8 26. bxc4 Ng4 27. g3 Ne5 28. c5 Nc6 29. Rb1 Qe5 30. Rfe1 Qf5 31. Red1 h5 32. h4 Qxc5 33. Rbc1 Qb5 34. Rc3 e5 35. Rb3 Qc4 36. Rdd3 Nd4 37. Ra3 e4 0-1

[Event "Mittelfrank Regionalliga Sud-Ost 2223"]
[Site "Mittelfranken"]
[Date "2022.11.27"]
[Round "3.6"]
[White "Lettl, Gerhard"]
[Black "Wimmer, Alfred"]
[Result "0-1"]
[WhiteElo "1970"]
[BlackElo "1952"]
[PlyCount "61"]
[EventDate "2022.10.09"]
[EventType "team-tourn"]
[EventRounds "9"]
[EventCountry "GER"]
[SourceTitle "EXT 2024"]
[Source "ChessBase"]
[SourceDate "2023.10.10"]
[SourceVersion "1"]
[SourceVersionDate "2023.10.10"]
[SourceQuality "1"]
[WhiteTeam "Tegernsee"]
[BlackTeam "Moosburg"]
[WhiteTeamCountry "GER"]
[BlackTeamCountry "GER"]

1. e4 c5 2. c3 Nf6 3. e5 Nd5 4. Nf3 Nc6 5. Bc4 Nb6 6. Bb3 d5 7. exd6 Qxd6 8. Na3 a6 9. 0-0 Bf5 10. d4 cxd4 11. cxd4 e6 12. Qe2 Be7 13. Rd1 0-0 14. Be3 Rac8 15. d5 Nxd5 16. Nc4 Qb8 17. Nb6 Nxb6 18. Bxb6 Bf6 19. h3 Bd8 20. Bc5 Re8 21. Rd7 Bc7 22. Rad1 Rcd8 23. g4 Bg6 24. h4 h5 25. Ng5 Rxd7 26. Rxd7 hxg4 27. Nxe6 fxe6 28. Bxe6+ Kh8 29. h5 Bxh5 30. Qe3 Ne5 31. Qg5 0-1

[Event "Rottach Egern Seniors Cup 10th"]
[Site "Rottach Egern"]
[Date "2022.03.31"]
[Round "6"]
[White "Buchal, Stephan"]
[Black "Wimmer, Alfred"]
[Result "1/2-1/2"]
[WhiteElo "2232"]
[BlackElo "2041"]
[PlyCount "30"]
[EventDate "2022.03.26"]
[EventType "swiss"]
[EventRounds "9"]
[EventCountry "GER"]
[SourceTitle "CBM 207 Extra"]
[Source "ChessBase"]
[SourceDate "2022.05.31"]
[SourceVersion "1"]
[SourceVersionDate "2022.05.31"]
[SourceQuality "1"]

1. c4 e6 2. g3 d5 3. Bg2 Nf6 4. Nf3 dxc4 5. 0-0 a6 6. Qc2 c5 7. Ne5 Ra7 8. a4 b6 9. Nxc4 Bb7 10. b3 Bxg2 11. Kxg2 Nc6 12. Bb2 Be7 13. d3 0-0 14. Nbd2 Nd4 15. Qd1 Nd5 1/2-1/2

[Event "Rottach Egern Seniors Cup 10th"]
[Site "Rottach Egern"]
[Date "2022.03.26"]
[Round "1"]
[White "Wimmer, Alfred"]
[Black "Eibl, Guenter"]
[Result "1/2-1/2"]
[WhiteElo "2041"]
[BlackElo "1736"]
[PlyCount "65"]
[EventDate "2022.03.26"]
[EventType "swiss"]
[EventRounds "9"]
[EventCountry "GER"]
[SourceTitle "CBM 207 Extra"]
[Source "ChessBase"]
[SourceDate "2022.05.31"]
[SourceVersion "1"]
[SourceVersionDate "2022.05.31"]
[SourceQuality "1"]

1. Nf3 d5 2. g3 Nf6 3. Bg2 e6 4. b3 b6 5. c4 Bb7 6. cxd5 Bxd5 7. Bb2 Nbd7 8. 0-0 Be7 9. d3 c5 10. Nbd2 Rc8 11. e4 Ba8 12. Qe2 0-0 13. Rac1 Re8 14. Rfd1 Bf8 15. d4 Rc7 16. e5 Nd5 17. Nc4 Qb8 18. Ng5 h6 19. Ne4 cxd4 20. Ned6 Bxd6 21. Nxd6 Rf8 22. Bxd4 Nc5 23. Rc4 Nb7 24. Rdc1 Rxc4 25. bxc4 Ne7 26. Ne4 Nf5 27. Bb2 Nc5 28. Nxc5 bxc5 29. Bxa8 Qxa8 30. Rd1 Rd8 31. Rd2 Nd4 32. Bxd4 cxd4 33. Qd3 1/2-1/2

[Event "Bad Wiessee Senioren Cup 8th"]
[Site "Bad Wiessee"]
[Date "2019.05.16"]
[Round "6"]
[White "Willin, Bernhard"]
[Black "Wimmer, Alfred"]
[Result "1/2-1/2"]
[WhiteElo "1873"]
[BlackElo "2042"]
[PlyCount "46"]
[EventDate "2019.05.11"]
[EventType "swiss"]
[EventRounds "9"]
[EventCountry "GER"]
[SourceTitle "EXT 2020"]
[Source "ChessBase"]
[SourceDate "2019.10.17"]
[SourceVersion "1"]
[SourceVersionDate "2019.10.17"]
[SourceQuality "1"]

1. d4 e6 2. c4 f5 3. Nc3 Nf6 4. f3 Bb4 5. Bd2 0-0 6. a3 Bxc3 7. Bxc3 d6 8. e3 Qe7 9. Nh3 e5 10. Nf2 exd4 11. Qxd4 Nc6 12. Qd2 Re8 13. Nd1 Be6 14. Be2 d5 15. Bxf6 Qxf6 16. cxd5 Rad8 17. Nc3 Ne7 18. e4 c6 19. 0-0 cxd5 20. exf5 Bxf5 21. Bb5 Rf8 22. Rfe1 Kh8 23. Rac1 Qd6 1/2-1/2

[Event "Bad Woerishofen op 33rd"]
[Site "Bad Woerishofen"]
[Date "2017.03.10"]
[Round "1"]
[White "Wimmer, Alfred"]
[Black "Pap, Misa"]
[Result "0-1"]
[WhiteElo "2044"]
[BlackElo "2493"]
[PlyCount "50"]
[EventDate "2017.03.10"]
[EventType "swiss"]
[EventRounds "9"]
[EventCountry "GER"]
[SourceTitle "EXT 2018"]
[Source "ChessBase"]
[SourceDate "2017.10.13"]
[SourceVersion "1"]
[SourceVersionDate "2017.10.13"]
[SourceQuality "1"]

1. Nf3 c5 2. e4 Nc6 3. g3 g6 4. Bg2 Bg7 5. 0-0 d6 6. d3 Nf6 7. c3 0-0 8. h3 c4 9. dxc4 Nxe4 10. Nd4 Nc5 11. Nxc6 bxc6 12. Be3 Qc7 13. Nd2 Nd7 14. Qa4 Bb7 15. Rfd1 c5 16. Bd5 Nb6 17. Qb3 Nxd5 18. cxd5 Rab8 19. Qc4 Qd7 20. Kh2 Bc8 21. Qg4 Qxg4 22. hxg4 Bxg4 23. f3 Bd7 24. Nc4 Bb5 25. Na3 Be2 0-1

[Event "Arber op 2nd"]
[Site "Bayerisch Eisenstein"]
[Date "2013.07.04"]
[Round "6"]
[White "Wimmer, Alfred"]
[Black "Schulz, Gerhard1111"]
[Result "1-0"]
[WhiteElo "2027"]
[BlackElo "1691"]
[PlyCount "57"]
[EventDate "2013.06.29"]
[EventType "swiss"]
[EventRounds "9"]
[EventCountry "GER"]
[SourceTitle "CBM 155 Extra"]
[Source "ChessBase"]
[SourceDate "2013.08.26"]
[SourceVersion "1"]
[SourceVersionDate "2013.08.26"]
[SourceQuality "1"]

1. e4 e5 2. Nf3 Nf6 3. d4 Nxe4 4. Nxe5 d5 5. Bd3 Be7 6. 0-0 0-0 7. c4 c6 8. Nc3 Nxc3 9. bxc3 dxc4 10. Bxc4 Nd7 11. f4 Nxe5 12. fxe5 Be6 13. Bb3 Bxb3 14. axb3 Qd7 15. Be3 a6 16. Qc2 f6 17. h3 fxe5 18. dxe5 Rxf1+ 19. Rxf1 Rf8 20. Rxf8+ Bxf8 21. c4 g6 22. Qf2 Qd1+ 23. Kh2 Qxb3 24. e6 Bd6+ 25. g3 Qd3 26. c5 Be7 27. Qf7+ Kh8 28. Qe8+ Kg7 29. Qxe7+ 1-0

[Event "Niederbayernliga 1011"]
[Site "Germany"]
[Date "2010.11.14"]
[Round "3.1"]
[White "Schindlbeck, Tobias"]
[Black "Wimmer, Alfred"]
[Result "1/2-1/2"]
[WhiteElo "2132"]
[BlackElo "1986"]
[PlyCount "36"]
[EventDate "2010.10.10"]
[EventType "team-tourn"]
[EventRounds "9"]
[EventCountry "GER"]
[SourceTitle "EXT 2012"]
[Source "ChessBase"]
[SourceDate "2011.11.24"]
[SourceVersion "1"]
[SourceVersionDate "2011.11.24"]
[SourceQuality "1"]
[WhiteTeam "Ergolding"]
[BlackTeam "Adlkofen"]
[WhiteTeamCountry "GER"]
[BlackTeamCountry "GER"]

1. Nf3 Nf6 2. d4 d6 3. c4 Nbd7 4. Nc3 e5 5. Bg5 Be7 6. e3 c6 7. dxe5 dxe5 8. Be2 Qa5 9. Nd2 Bb4 10. Qc2 Bxc3 11. bxc3 0-0 12. 0-0 Re8 13. e4 h6 14. Bh4 Nh7 15. Nb3 Qc7 16. a4 Ng5 17. Rfd1 Ne6 18. f3 Ndc5 1/2-1/2

[Event "Niederbayernliga 1011"]
[Site "Germany"]
[Date "2010.10.10"]
[Round "1.1"]
[White "Zepke, Armin"]
[Black "Wimmer, Alfred"]
[Result "1/2-1/2"]
[WhiteElo "1998"]
[BlackElo "1986"]
[PlyCount "59"]
[EventDate "2010.10.10"]
[EventType "team-tourn"]
[EventRounds "9"]
[EventCountry "GER"]
[SourceTitle "EXT 2012"]
[Source "ChessBase"]
[SourceDate "2011.11.24"]
[SourceVersion "1"]
[SourceVersionDate "2011.11.24"]
[SourceQuality "1"]
[WhiteTeam "Bayerwald"]
[BlackTeam "Adlkofen"]
[WhiteTeamCountry "GER"]
[BlackTeamCountry "GER"]

1. d4 c5 2. c3 Nf6 3. Nf3 e6 4. Bf4 b6 5. e3 Bb7 6. Nbd2 Be7 7. h3 0-0 8. Bd3 cxd4 9. cxd4 d6 10. 0-0 Nc6 11. a3 Re8 12. Rc1 a6 13. b4 b5 14. Qb3 Qd7 15. Rfd1 Rec8 16. Bh2 Nd8 17. e4 Rxc1 18. Rxc1 Rc8 19. Qb1 Rxc1+ 20. Qxc1 Qc6 21. Qxc6 Nxc6 22. Nb3 Nd7 23. Kf1 f6 24. Ke2 Nb6 25. Nfd2 Na4 26. Kd1 Nb2+ 27. Kc2 Nxd3 28. Kxd3 Kf7 29. Nb1 e5 30. d5 1/2-1/2

[Event "Niederbayernliga 0910"]
[Site "Germany"]
[Date "2010.02.28"]
[Round "7.1"]
[White "Wimmer, Alfred"]
[Black "Palmi, Herbert"]
[Result "1-0"]
[WhiteElo "2048"]
[BlackElo "1988"]
[PlyCount "103"]
[EventDate "2009.10.18"]
[EventType "team-tourn"]
[EventRounds "9"]
[EventCountry "GER"]
[SourceTitle "EXT 2011"]
[Source "ChessBase"]
[SourceDate "2010.11.26"]
[SourceVersion "1"]
[SourceVersionDate "2010.11.26"]
[SourceQuality "1"]
[WhiteTeam "Adlkofen"]
[BlackTeam "Bayerwald"]
[WhiteTeamCountry "GER"]
[BlackTeamCountry "GER"]

1. g3 c5 2. c4 e6 3. Bg2 Nf6 4. Nf3 g6 5. 0-0 Bg7 6. Nc3 d5 7. cxd5 exd5 8. d4 cxd4 9. Nxd4 Nc6 10. e4 Nxe4 11. Nxc6 bxc6 12. Nxe4 dxe4 13. Qxd8+ Kxd8 14. Bxe4 Kc7 15. Bf4+ Kb6 16. Rac1 Bd7 17. Rfd1 Rhd8 18. Bg5 f6 19. Be3+ Kc7 20. Rxd7+ Rxd7 21. Bxc6 Rd1+ 22. Rxd1 Kxc6 23. Rc1+ Kd7 24. Kf1 f5 25. b3 Be5 26. Rc4 a6 27. Ke2 Ke6 28. Kf3 Kd6 29. Rh4 Rh8 30. Ra4 Ra8 31. Bf4 Bxf4 32. Kxf4 h6 33. h4 Kc5 34. Ke5 a5 35. b4+ Kc4 36. bxa5+ Kb5 37. Rd4 Kxa5 38. Rd6 Kb4 39. Rxg6 Rxa2 40. Kxf5 Rxf2+ 41. Kg4 Kc5 42. Kh5 Kd5 43. Kxh6 Ke5 44. g4 Ra2 45. Kg5 Ra1 46. h5 Ke4 47. Rf6 Ke5 48. h6 Rh1 49. Kg6 Rh2 50. g5 Rh1 51. h7 Rh2 52. Rf8 1-0

[Event "Niederbayernliga 0910"]
[Site "Germany"]
[Date "2009.12.13"]
[Round "4.1"]
[White "Riemelmoser, Franz"]
[Black "Wimmer, Alfred"]
[Result "0-1"]
[WhiteElo "2278"]
[BlackElo "2048"]
[PlyCount "80"]
[EventDate "2009.10.18"]
[EventType "team-tourn"]
[EventRounds "9"]
[EventCountry "GER"]
[SourceTitle "EXT 2011"]
[Source "ChessBase"]
[SourceDate "2010.11.26"]
[SourceVersion "1"]
[SourceVersionDate "2010.11.26"]
[SourceQuality "1"]
[WhiteTeam "Simbach"]
[BlackTeam "Adlkofen"]
[WhiteTeamCountry "GER"]
[BlackTeamCountry "GER"]

1. c4 d6 2. Nc3 e5 3. Nf3 Nf6 4. g3 Be7 5. Bg2 0-0 6. 0-0 c6 7. h3 Re8 8. e4 a6 9. d4 Nbd7 10. Re1 b5 11. c5 Bb7 12. Bg5 Qc7 13. cxd6 Qxd6 14. Qb3 h6 15. dxe5 Nxe5 16. Rad1 Nxf3+ 17. Bxf3 Qb4 18. Qxb4 Bxb4 19. Bxf6 gxf6 20. Rd7 Re7 21. Red1 Rae8 22. Bg4 Rxd7 23. Rxd7 Bc8 24. Rd3 Bxg4 25. hxg4 a5 26. f3 Bxc3 27. Rxc3 Rd8 28. Rxc6 Rd1+ 29. Kf2 Rd2+ 30. Ke3 Rxb2 31. Rxf6 Kg7 32. Rf5 a4 33. a3 Rb3+ 34. Kf4 Kg6 35. g5 hxg5+ 36. Rxg5+ Kf6 37. Rf5+ Kg6 38. Rc5 Kf6 39. Rf5+ Kg6 40. Rc5 Rd3 0-1

[Event "Bayern-chI Bank Hofmann 13th"]
[Site "Bad Wiessee"]
[Date "2009.11.02"]
[Round "3"]
[White "Forchert, Martin"]
[Black "Wimmer, Alfred"]
[Result "1-0"]
[WhiteElo "2403"]
[BlackElo "2074"]
[PlyCount "73"]
[EventDate "2009.10.31"]
[EventType "swiss"]
[EventRounds "9"]
[EventCountry "GER"]
[SourceTitle "EXT 2010"]
[Source "ChessBase"]
[SourceDate "2010.11.25"]
[SourceVersion "1"]
[SourceVersionDate "2010.11.25"]
[SourceQuality "1"]

1. e4 d6 2. d4 Nf6 3. Nc3 c6 4. a4 Qa5 5. Bd2 Qb6 6. Nf3 a5 7. h3 Nbd7 8. e5 Nd5 9. Bc4 e6 10. exd6 Nxc3 11. bxc3 Bxd6 12. 0-0 0-0 13. Re1 Qc7 14. Qe2 b6 15. Bd3 Nf6 16. c4 Bb7 17. Bg5 Bf4 18. Bxf6 gxf6 19. Rab1 c5 20. d5 exd5 21. cxd5 Bxd5 22. Bxh7+ Kg7 23. Be4 Rae8 24. Qd3 Be6 25. Nh4 Rh8 26. Nf5+ Bxf5 27. Bxf5 Rxe1+ 28. Rxe1 Qd6 29. Qf3 Bh2+ 30. Kf1 Bf4 31. g3 Be5 32. Rd1 Qb8 33. Qg4+ Kf8 34. Rd7 Rg8 35. Qh5 Rg7 36. Qd1 Ke8 37. Qd5 1-0

[Event "Niederbayernliga 0910"]
[Site "Germany"]
[Date "2009.10.18"]
[Round "1.1"]
[White "Schmidt, Peter"]
[Black "Wimmer, Alfred"]
[Result "1/2-1/2"]
[WhiteElo "2351"]
[BlackElo "2048"]
[PlyCount "25"]
[EventDate "2009.10.18"]
[EventType "team-tourn"]
[EventRounds "9"]
[EventCountry "GER"]
[SourceTitle "EXT 2011"]
[Source "ChessBase"]
[SourceDate "2010.11.26"]
[SourceVersion "1"]
[SourceVersionDate "2010.11.26"]
[SourceQuality "1"]
[WhiteTeam "Roehrnbach"]
[BlackTeam "Adlkofen"]
[WhiteTeamCountry "GER"]
[BlackTeamCountry "GER"]

1. Nf3 f5 2. d3 d6 3. e4 e5 4. Nc3 Nc6 5. exf5 Bxf5 6. d4 Nxd4 7. Nxd4 exd4 8. Qxd4 c6 9. Bf4 Bxc2 10. Nb5 Nf6 11. Nxd6+ Bxd6 12. Bxd6 Qa5+ 13. Bb4 1/2-1/2

[Event "Dresden ZMD op"]
[Site "Dresden"]
[Date "2009.07.30"]
[Round "6"]
[White "Wimmer, Alfred"]
[Black "Schindele, Andreas"]
[Result "0-1"]
[WhiteElo "2108"]
[BlackElo "1879"]
[PlyCount "128"]
[EventDate "2009.07.25"]
[EventType "swiss"]
[EventRounds "9"]
[EventCountry "GER"]
[SourceTitle "CBM 131 Extra"]
[Source "ChessBase"]
[SourceDate "2009.09.03"]
[SourceVersion "2"]
[SourceVersionDate "2009.09.16"]
[SourceQuality "1"]

1. g3 d5 2. Nf3 c6 3. b3 Bg4 4. Bg2 Nd7 5. Bb2 Ngf6 6. d3 e6 7. Nbd2 Qc7 8. c4 Bxf3 9. Bxf3 Bd6 10. 0-0 0-0 11. a3 a5 12. Bg2 Rfd8 13. Rc1 Be5 14. d4 Bd6 15. Qc2 Bf8 16. e4 Nxe4 17. Nxe4 dxe4 18. Bxe4 Nf6 19. Bd3 Qe7 20. Rfe1 g6 21. Bf1 Bg7 22. Bg2 Qc7 23. b4 axb4 24. axb4 Ne8 25. d5 Ra2 26. Rb1 cxd5 27. c5 b6 28. Qb3 Rxb2 29. Rxb2 Bxb2 30. Qxb2 bxc5 31. bxc5 Qxc5 32. Rc1 Qd6 33. Qb5 Rb8 34. Qa4 Ng7 35. Qa7 Rf8 36. Rc7 Qe5 37. Rd7 Nf5 38. Qa5 Nd4 39. Bxd5 exd5 40. Rxd5 Qg7 41. Rd7 Ne6 42. Qa7 Qe5 43. Re7 Qe1+ 44. Kg2 Qe4+ 45. Kg1 Qd4 46. Qxd4 Nxd4 47. Re4 Rd8 48. Kg2 Nf5 49. h4 Rd4 50. Re2 Kg7 51. Kh3 h5 52. Ra2 Rd3 53. Kg2 Nd4 54. Rb2 Kf6 55. Rb6+ Ne6 56. Rb2 Rd4 57. Ra2 Nc5 58. Rb2 Ne4 59. Re2 Kf5 60. Kf3 Rd3+ 61. Kg2 Rd2 62. Rxd2 Nxd2 63. f3 Ke5 64. f4+ Kf5 0-1

[Event "Dresden ZMD op"]
[Site "Dresden"]
[Date "2009.07.28"]
[Round "4"]
[White "Wimmer, Alfred"]
[Black "Ulvnes, Roar Nikolai"]
[Result "0-1"]
[WhiteElo "2108"]
[BlackElo "1997"]
[PlyCount "78"]
[EventDate "2009.07.25"]
[EventType "swiss"]
[EventRounds "9"]
[EventCountry "GER"]
[SourceTitle "CBM 131 Extra"]
[Source "ChessBase"]
[SourceDate "2009.09.03"]
[SourceVersion "2"]
[SourceVersionDate "2009.09.16"]
[SourceQuality "1"]

1. g3 Nf6 2. Bg2 g6 3. c4 Bg7 4. Nc3 0-0 5. Rb1 d6 6. d3 c6 7. Nf3 d5 8. cxd5 cxd5 9. 0-0 Nc6 10. b4 d4 11. b5 Na5 12. Na4 Be6 13. Qd2 b6 14. Ba3 Rc8 15. Bb4 Nd5 16. Ng5 Nc3 17. Nxc3 dxc3 18. Nxe6 fxe6 19. Qe3 c2 20. Qxe6+ Kh8 21. Rbe1 Qd4 22. Bd2 Qb2 23. Bc6 Nxc6 24. bxc6 Qf6 25. Qd7 a5 26. c7 Qd6 27. Qxd6 exd6 28. Bf4 Rxf4 29. gxf4 Rxc7 30. Kg2 Bb2 31. Rc1 Bxc1 32. Rxc1 b5 33. Kf3 b4 34. Ke3 a4 35. Kd2 b3 36. axb3 axb3 37. e4 Rc5 38. d4 Rc4 39. d5 Rc5 0-1

[Event "Niederbayernliga 0809"]
[Site "Germany"]
[Date "2009.02.01"]
[Round "6.1"]
[White "Wimmer, Alfred"]
[Black "Popp, Michael"]
[Result "1-0"]
[WhiteElo "2057"]
[BlackElo "1991"]
[PlyCount "141"]
[EventDate "2008.10.05"]
[EventType "team-tourn"]
[EventRounds "9"]
[EventCountry "GER"]
[SourceTitle "EXT 2010"]
[Source "ChessBase"]
[SourceDate "2010.11.25"]
[SourceVersion "1"]
[SourceVersionDate "2010.11.25"]
[SourceQuality "1"]
[WhiteTeam "Adlkofen"]
[BlackTeam "Geiselhoering"]
[WhiteTeamCountry "GER"]
[BlackTeamCountry "GER"]

1. g3 g6 2. c4 Bg7 3. Bg2 c5 4. Nc3 Nc6 5. a3 a5 6. Nf3 e5 7. d3 Nge7 8. Nd2 d6 9. Nf1 0-0 10. Bg5 f6 11. Bd2 Rb8 12. Ne3 Nd4 13. Ned5 Nef5 14. e3 Nc6 15. 0-0 Na7 16. b4 Nc6 17. bxa5 Qxa5 18. Na4 Qd8 19. Nab6 Nfe7 20. Nxc8 Nxc8 21. Rb1 N6e7 22. a4 b6 23. a5 Kh8 24. Nc3 Na7 25. axb6 Rxb6 26. Rxb6 Qxb6 27. Qa4 Nac8 28. Rb1 Qd8 29. Rb7 f5 30. Qd7 Qxd7 31. Rxd7 Ng8 32. Bb7 Nf6 33. Bxc8 Nxd7 34. Bxd7 Rb8 35. Bb5 Bf8 36. e4 fxe4 37. dxe4 Kg8 38. Nd5 Kf7 39. Kg2 Ra8 40. h4 Ra7 41. Bg5 Ra3 42. g4 Ra7 43. Bd8 Ra8 44. Bb6 Bg7 45. Bc6 Ra2 46. Nc7 h6 47. Be8+ Ke7 48. Bxg6 Ra4 49. Nd5+ Kd7 50. Bf7 Rxc4 51. Nf6+ Bxf6 52. Bxc4 Bxh4 53. Bd5 Bg5 54. Ba5 Ke7 55. Kf3 Kd7 56. Ke2 Be7 57. Kd3 Bf6 58. Kc4 Be7 59. Bf7 Bf8 60. Kd5 Ke7 61. Bg6 Kf6 62. Bf5 Kg5 63. Ke6 h5 64. Bd8+ Kf4 65. gxh5 Kf3 66. Be7 Bg7 67. Bxd6 c4 68. Bb4 Ke2 69. Bc3 Bh8 70. Kd5 Kd3 71. Bxe5 1-0

[Event "Schwarzach op 23rd"]
[Site "Schwarzach"]
[Date "2008.08.23"]
[Round "8"]
[White "Mlynek, Petr"]
[Black "Wimmer, Alfred"]
[Result "1/2-1/2"]
[WhiteElo "2222"]
[BlackElo "2101"]
[PlyCount "112"]
[EventDate "2008.08.16"]
[EventType "swiss"]
[EventRounds "9"]
[EventCountry "AUT"]
[SourceTitle "CBM 126 Extra"]
[Source "ChessBase"]
[SourceDate "2008.11.05"]
[SourceVersion "1"]
[SourceVersionDate "2008.11.05"]
[SourceQuality "1"]

1. d4 d6 2. Nf3 Bg4 3. c4 Bxf3 4. exf3 g6 5. Nc3 Bg7 6. Be3 Nh6 7. g4 e6 8. Qd2 Ng8 9. 0-0-0 Ne7 10. Bh6 Bxh6 11. Qxh6 Ng8 12. Qe3 Nf6 13. f4 Nxg4 14. Qf3 Nf6 15. Qxb7 Nbd7 16. Bg2 Rb8 17. Qxa7 0-0 18. Nb5 Ng4 19. Rd2 Nb6 20. b3 d5 21. Qxc7 dxc4 22. Qxd8 Rfxd8 23. Kb2 cxb3 24. axb3 Nd5 25. Bxd5 Rxd5 26. Nc3 Ra5 27. d5 exd5 28. Nxd5 Kg7 29. f3 Nf6 30. Nxf6 Kxf6 31. Re1 Rba8 32. Re4 Ra2+ 33. Kc3 Ra1 34. Rb2 R1a3 35. Re5 R8a4 36. Re4 Ra7 37. Kc4 Rc7+ 38. Kb4 Raa7 39. Rc4 Re7 40. Re4 Red7 41. Kc3 Ra3 42. Re5 Rd1 43. Rbe2 Rb1 44. Rb5 Rf1 45. Kb4 Ra7 46. Re3 Rh1 47. Ree5 Rxh2 48. Rb6+ Kg7 49. f5 gxf5 50. Rxf5 h5 51. Rg5+ Kf8 52. Kc3 Rh3 53. Rf5 h4 54. Kd4 Rh1 55. Rh5 h3 56. Rbh6 Rd7+ 1/2-1/2

[Event "Schwarzach op 23rd"]
[Site "Schwarzach"]
[Date "2008.08.19"]
[Round "4"]
[White "Hess, Christian"]
[Black "Wimmer, Alfred"]
[Result "1-0"]
[WhiteElo "2235"]
[BlackElo "2101"]
[PlyCount "53"]
[EventDate "2008.08.16"]
[EventType "swiss"]
[EventRounds "9"]
[EventCountry "AUT"]
[SourceTitle "CBM 126 Extra"]
[Source "ChessBase"]
[SourceDate "2008.11.05"]
[SourceVersion "1"]
[SourceVersionDate "2008.11.05"]
[SourceQuality "1"]

1. e4 d6 2. Nc3 Nf6 3. g3 Bg4 4. f3 Bh5 5. g4 Bg6 6. h4 h6 7. d4 d5 8. e5 Ng8 9. h5 Bh7 10. e6 fxe6 11. Bd3 Nc6 12. Bxh7 Rxh7 13. Qd3 Nf6 14. Bf4 a6 15. 0-0-0 Nb4 16. Qg6+ Kd7 17. a3 Nc6 18. Nh3 Qe8 19. Qd3 Rh8 20. Bg3 g5 21. hxg6 Bg7 22. Nf4 Qg8 23. Rhe1 Nd8 24. Re2 Ne8 25. Rde1 Nd6 26. Na4 b6 27. Nxd5 1-0